000 00545nam a2200205 a 4500
005 20250311063802.0
008 040311s2002 mx r 000 0 spa d
020 _a8420535257
035 _aUPN01000132638
049 _aCG
050 4 _aTK5105.875 I5.7
_bM3.5
100 1 _aMartos, Ana
_934383
245 1 0 _aInternet para estudiar /
_cAna Martos.
260 _aMadrid :
_bPearson educación,
_c2002.
300 _a273 p. :
_bil.
440 0 _aTu mism@
650 4 _aInternet
_9547
650 4 _aMétodos de estudio
_94280
905 _aLibro
999 _c104792
_d104792